Local government : (Record no. 125705)

MARC details
000 -LEADER
fixed length control field 00695nam a22002417a 4500
005 - DATE AND TIME OF LATEST TRANSACTION
control field 20170124105959.0
010 ## - LIBRARY OF CONGRESS CONTROL NUMBER
LC control number 738400
020 ## - INTERNATIONAL STANDARD BOOK NUMBER
Terms of availability 16.00
035 ## - SYSTEM CONTROL NUMBER
System control number 738400
037 ## - SOURCE OF ACQUISITION
Source of stock number/acquisition Cen Lib/Ret
040 ## - CATALOGING SOURCE
Original cataloging agency DPL
Language of cataloging EN
082 ## - DEWEY DECIMAL CLASSIFICATION NUMBER
Classification number 352
Item number NIG
100 ## - MAIN ENTRY--PERSONAL NAME
Personal name Nigam, S. R
9 (RLIN) 15238
245 ## - TITLE STATEMENT
Title Local government :
Statement of responsibility, etc by S. R. Nigam
Remainder of title England, France, U. S. A. ,U. S. S. R. , and India /
250 ## - EDITION STATEMENT
Edition statement 2nd ed
260 ## - PUBLICATION, DISTRIBUTION, ETC. (IMPRINT)
Place of publication, distribution, etc New Delhi
Name of publisher, distributor, etc S. Chand and Co
Date of publication, distribution, etc 1975
270 ## - ADDRESS
Address Ram Nagar
City New Delhi
Postal code 110001
300 ## - PHYSICAL DESCRIPTION
Extent xi, 252p. :
Dimensions 21cm(Hb)
Other physical details ill
500 ## - GENERAL NOTE
General note Includes index
650 ## - SUBJECT ADDED ENTRY--TOPICAL TERM
Topical term or geographic name as entry element Public contracts
9 (RLIN) 15239
650 ## - SUBJECT ADDED ENTRY--TOPICAL TERM
Topical term or geographic name as entry element United States
9 (RLIN) 112602
942 ## - ADDED ENTRY ELEMENTS (KOHA)
Source of classification or shelving scheme Dewey Decimal Classification
Koha item type English Books
Classification part 352
Call number suffix NIG
Holdings
Withdrawn status Lost status Damaged status Not for loan Home library Current library Date acquired Source of acquisition Cost, normal purchase price Total Checkouts Full call number Barcode Date last seen Date checked out Copy number Cost, replacement price Price effective from Koha item type
        Central Library Central Library 23/06/2015 Cen Lib/Ret 16.00 1 352 NIG 738400 14/08/2017 31/07/2017 1 16.00 23/06/2015 English Books

© Delhi Public Library
Hit Counter
free hit counter